000 00345nam a2200133Ia 4500
008 240624s9999 xx 000 0 und d
041 _aeng
082 _a658.3124 OBE
100 _aOBERSTEIN SOPHIE
245 _a10 STEPS TO SUCCESSFUL COACHING
260 _c2009
_aVirginia
_bASTD Press
300 _avii, : 230 : p. : cm. ; 23
365 _c
_b30
999 _c19700
_d19700